Responses for Show #6841 - Monday, May 19, 2014

Julia Collins game 11.

Contestants

[<< previous game]

James Herman, a research scientist from Washington, D.C.

Leah Blumenfeld, a political science professor from Miami, Florida

Julia Collins, a supply chain professional from Kenilworth, Illinois (whose 10-day cash winnings total $220,610)

[next game >>]

Jeopardy! Round responses

THE QUOTABLE TUBE
MARINE BIOLOGY
GUYS NAMED BARRY
THE MOST POPULOUS COUNTRY
____ OF ____
MAKING THE GRADE
    $200 1
The Monty Python Show

James
    $200 9
oxygen

Leah
    $200 13
Barry Goldwater

Julia
    $200 26
Pakistan

Julia
    $200 2
a can of worms

Leah
    $200 11
steel

Leah
    $400 6
House

Julia
    $400 19
(James: What are barnacles?)

coral

James
Triple Stumper
    $400 14
the Houses of Parliament

Julia
    $400 27
Iran

James
    $400 3
a house of cards

Leah
    $400 18
pass, fail, & incomplete

James
    $600 7
The A-Team

James
    $600 20
a narwhal

James
    $600 15
Barry White

Julia
    $600 28
Germany

Julia
    $600 4
beast of burden

Leah
    $600 23
a pay grade

James
    $800 8
Homeland

James
    $1,200 21
a seahorse

James
    $800 16
Barry Diller

Julia
    $800 29
(James: What is Australia?)

Argentina

LeahJames
    $800 5
feet of clay

Julia
    $800 24
a bond

James
    $1000 12
WKRP in Cincinnati

Leah
    $1000 22
the Sargasso Sea

Triple Stumper
    $1000 17
(James: What is Atlanta?)

Louisville

James
Triple Stumper
    $1000 30
(James: What is Belize?)

Belgium

James
Triple Stumper
    $1000 10
balance of power

Julia
    $1000 25
a concussion

James

Scores at the first commercial break (after clue 15):

Julia Leah James
$3,400 $2,600 $1,600

Scores at the end of the Jeopardy! Round:

Julia Leah James
$5,000 $3,400 $3,400

Double Jeopardy! Round responses

YOU LIKE KABUKI, NOH?
DISNEY FILM VOICES
"ROUND" 'EM UP
LITERARY CHARACTERS
COME AT THE KING
YOU BEST NOT MISS
    $400 26
(Leah: What is upward?)

talent

Leah
Triple Stumper
    $400 2
Aladdin

Julia
    $400 1
[Leah selected the first clue.]

the Round Table

Julia
    $400 11
James Joyce

James
    $400 13
Pyrrhus

Julia
    $400 21
a pregnancy test

Julia
    $800 27
Shinto

Julia
    $800 3
(Demi) Moore

Leah
    $800 6
a round trip

James
    $800 12
(Julia: Who is Kurtz?)

Lord Jim

Julia
Triple Stumper
    $800 14
Louis XVI

Julia
    $800 22
free throws

Leah
    $2,000 28
invisibility

Julia
    $1200 4
Kristen Bell

Julia
    $1200 7
a roundhouse

James
    $1200 18
Jeeves

Julia
    $1200 15
(James: What is Iran?)

Saudi Arabia

JuliaJames
    $1200 23
William Tell

James
    $1600 29
(James: What is blinking?)

crossing the eyes

James
Triple Stumper
    $1600 5
Baloo

Leah
    $1600 8
rounders

James
    $1600 19
The Trial

James
    $2,600 16
(Julia: Who is Alexander the Great?)

King Philip

Julia
    $1600 24
GPS

James
    $2000 30
(Leah: What is a koto?)

flute

JuliaLeah
    $2000 10
Pocahontas

Julia
    $2000 9
Round Top

Julia
    $2000 20
Svengali

Triple Stumper
    $2000 17
Henry VII

Triple Stumper
    $2000 25
Annie Oakley

James

Scores at the end of the Double Jeopardy! Round:

Julia Leah James
$16,400 $4,200 $11,000

[wagering suggestions for these scores]

Final Jeopardy! Round responses

BOARD GAMES
LeahWhat are Boardwalk + Marvin Gardens?
$1,402
JamesWhat are Boardwalk & ???
$600
JuliaWhat are Boardwalk and Park Place?
$5,700
Boardwalk & Marvin Gardens

Final scores:

Julia Leah James
$10,700 $5,602 $10,400
11-day champion: $231,310 3rd place: $1,000 2nd place: $2,000

Game dynamics:

Coryat scores:

Julia Leah James
$18,200 $4,200 $10,600
22 R
(including 1 DD),
2 W
(including 1 DD)
10 R,
2 W
18 R
(including 1 DD),
6 W

Combined Coryat: $33,000

[game clues] [game scores] [suggest correction]

Game tape date: 2014-02-05
The J! Archive is created by fans, for fans. Scraping, republication, monetization, and malicious use prohibited; this site may use cookies and collect identifying information. See terms. The Jeopardy! game show and all elements thereof, including but not limited to copyright and trademark thereto, are the property of Jeopardy Productions, Inc. and are protected under law. This website is not affiliated with, sponsored by, or operated by Jeopardy Productions, Inc. Join the discussion at JBoard.tv.